Movies Quiz

Random Movies or Quote Quiz

Click the Color in the Movie Quotes Quiz Stats

 Plays Quiz Updated Jul 29, 2017

Support Sporcle.
Go Orange.
Score 0/12 Timer 05:00
0 Plays Today
% Correct
Yellow
95.5%
Brown
94.5%
Green
90.9%
Pink
84%
White
81.9%
Grey
80.3%
Orange
78.6%
RED
75.9%
Violet
73.8%
Black
66.6%
Blue
56.7%
Beige
33.8%

You're not logged in!

Compare scores with friends on all Sporcle quizzes.
OR
Log In
Forgot?

From the Vault

Island Countries

by davidr

No man is an island. But some countries are.
Remove Ads.
Support Sporcle.
Get the best of Sporcle when you Go Orange. This ad-free experience offers more features, more stats, and more fun while also helping to support Sporcle. Thank you for becoming a member.

Show Comments

Extras

Top Quizzes Today


Score Distribution

Your Account Isn't Verified!

In order to create a playlist on Sporcle, you need to verify the email address you used during registration. Go to your Sporcle Settings to finish the process.

Report this User

Report this user for behavior that violates our Community Guidelines.

Details: